[Event "82nd Armenian Men Championship 2022"]
[Site "Yerevan"]
[Date "2022.01.21"]
[Round "9.2"]
[White "Pashikian, Arman"]
[Black "Petrosian, Tigran L."]
[Result "1-0"]
[WhiteElo "2606"]
[BlackElo "2573"]
[Annotator "TA"]
[PlyCount "123"]
[EventDate "2022.01.12"]
[EventType "tourn"]
[EventCountry "ARM"]
[SourceTitle "playchess.com"]
[Source "ChessBase"]
[SourceQuality "1"]

{[%evp 23,123,37,31,31,41,0,0,0,0,0,0,-2,-9,-8,0,-70,-63,-44,-59,-67,-62,-101,-104,-92,-97,-105,-114,-94,-49,-56,-37,-46,143,-52,-59,-36,-51,-47,-36,-120,-120,-158,-99,-183,-131,-129,-134,-184,-220,-201,45,52,136,23,29,20,19,21,31,23,27,13,13,13,74,87,95,83,83,33,33,35,382,383,375,384,591,647,647,620,665,0,531,0,359,366,356,352,343,338,29967,29970,29970,29971,29970,29970,29981,29979,29989,29990,29990,29991]} 1. d4 Nf6 2. c4 Nc6 3. Nf3 e6 4. g3 Bb4+ 5. Bd2 Qe7 6. Nc3 Bxc3 7. Bxc3 Ne4 8. Rc1 O-O 9. Bg2 d6 10. d5 Nxc3 11. Rxc3 Nd8 {outshines the older 11...Nb8.} 12. O-O e5 13. c5 {E11: Bogo-Indian.} dxc5 14. Qc1 $5 {[%mdl 4] A promising side line.} (14. Qc2 $14) 14... b6 $11 15. b4 {[%cal Rb4c5] The position is equal.} Nb7 {[%cal Bd8b7,Bb7d6,Bd6b5,Bb5d4,Bd4e2][%mdl 32]} 16. Nd2 Rb8 {[#]} 17. Nb3 $146 {[%cal Rb4c5]} ({Predecessor:} 17. bxc5 Nxc5 18. Qa3 Qd7 19. Nb3 Na6 20. Rfc1 Bb7 21. e4 f5 22. Bf1 Qd6 23. Qa4 {½-½ (34) Belozerov,A (2513)-Vlassov,N (2465) Kemerovo 2013}) 17... cxb4 18. Rxc7 Qd8 19. Qc6 (19. f4 $1 $11 e4 20. Nd4 (20. Bxe4 Nc5 $15)) 19... Nd6 $15 20. Rxa7 Bb7 21. Qc2 Qd7 {Inhibits Ra4.} 22. Nd2 Nb5 $1 {[%csl LRa7,LRd5]} 23. Qa4 {[%cal Od5d6]} Rfd8 24. Rxb7 Rxb7 25. Qxb4 Ra7 ({Black should play} 25... Nd4 $17 26. e3 Qb5 $1 27. Qxb5 Nxb5) 26. Nc4 {[%csl LRb6,LRe5]} Nd4 ({Reject} 26... Rxa2 27. Nxe5 Qd6 28. Qb3 $11) 27. Nxe5 Nxe2+ 28. Kh1 Qd6 29. Qb2 {[#]} Re8 $1 30. f4 f6 31. Nc6 (31. Qb5 $1 $15 Rf8 32. Nc4) 31... Ra3 $17 32. Qd2 Rae3 (32... b5 $142 33. Re1 Rae3) 33. Rf3 (33. a4 $17) 33... Qc5 (33... Rxf3 $1 $19 34. Bxf3 Qc5 35. Bxe2 Qf2) 34. Rf1 Qc3 35. Qd1 (35. Rd1 $17 Qxd2 36. Rxd2 Nxf4 37. Bf1) 35... Rd3 $19 36. Qa4 {[%cal Oc6e5]} Kf8 $2 {[#]} (36... Rd2 $1 $19 {[%cal Oe2g3]} 37. Nd4 Qc8) 37. Ne5 $1 $14 Re3 {[#]} (37... Rxg3 $14 38. Qd7 Re7 39. Qd8+ Re8 40. Qd6+ (40. Qd7 Re7 $16) 40... Re7) (37... Rd2 38. Qa7) 38. d6 $1 Rd8 $1 $11 {[#]} 39. Qa7 $1 {[%csl Ge5][%cal Ra7f7] Really sharp!} Rxe5 40. fxe5 $40 {[%mdl 128] White attacks.} Qxe5 41. Qxb6 Qxd6 42. Qb2 Qd2 43. Qb1 Rc8 (43... Nd4 $11 {remains equal.}) 44. a4 $16 Rc2 {[%cal Oe2g3] ( -> ...Nxg3+!)} 45. Qb8+ Ke7 46. Qb7+ ({Better is} 46. Be4 $1 $16 {And now Qb7+ would win.} Rc1 47. Qa7+ Qd7 48. Qxd7+ Kxd7 49. Rxc1 Nxc1 50. Bxh7) 46... Kf8 $14 {[%cal Oe2g3]} 47. Qa8+ Ke7 $2 {[%mdl 8192]} (47... Kf7 $14) 48. Qe4+ $1 $18 Kf8 {[#]} 49. a5 $1 {Hoping for Qa8+.} ({Less strong is} 49. Qa8+ Kf7 $14) 49... Ra2 (49... Nd4 {is a better defense.} 50. a6 Nc6) 50. Qa8+ Ke7 {[%cal Oe2g3]} 51. Qb7+ Kf8 {[%cal Oe2g3]} 52. Qa8+ Ke7 {[%cal Oe2g3]} 53. Qe4+ Kf8 54. Rb1 {Intending Rb8+ and mate.} Rb2 {[#] Inhibits Rb8+.} 55. a6 $1 {[%cal Ba5a6,Ba6a7][%mdl 32]} Nc3 56. Qa8+ Ke7 $2 (56... Kf7 $18 57. Rf1 Qd3) 57. Qa7+ {White mates.} Ke6 58. Rxb2 Qxb2 59. Qe3+ Kf7 60. a7 Nd1 61. Bd5+ Kg6 62. Qd3+ {White used his chance.  Weighted Error Value: White=0.29 (precise) /Black=0.42} 1-0

[Event "82nd Armenian Men Championship 2022"]
[Site "Yerevan"]
[Date "2022.01.21"]
[Round "9.3"]
[White "Harutyunyan, Tigran K."]
[Black "Petrosyan, Manuel"]
[Result "1/2-1/2"]
[WhiteElo "2552"]
[BlackElo "2620"]
[Annotator "TA"]
[PlyCount "146"]
[EventDate "2022.01.12"]
[EventType "tourn"]
[EventCountry "ARM"]
[SourceTitle "playchess.com"]
[Source "ChessBase"]
[SourceQuality "1"]

{[%evp 9,146,16,14,8,14,17,12,11,29,0,0,0,0,-7,0,-8,47,47,40,43,64,74,73,71,72,70,74,69,68,58,68,40,71,50,45,42,43,29,35,36,40,39,92,87,87,87,87,94,94,94,94,94,95,95,95,95,95,94,94,94,94,94,94,94,94,25,25,25,25,0,0,0,94,94,94,94,94,94,94,80,94,0,94,94,94,94,94,94,94,32,88,32,108,81,88,88,88,89,108,32,32,32,32,32,32,32,32,32,32,0,32,32,32,32,32,32,32,32,32,32,32,0,41,32,32,32,32,32,32,32,32,32,32,32,32,32,32,32,32]} 1. d4 Nf6 2. c4 e6 3. Nf3 d5 4. Nc3 Bb4 5. Qa4+ Nc6 6. Bd2 {D38: Queen's Gambit Declined: Ragozin Defence (4 Nf3 Bb4).} O-O 7. a3 $1 {[%mdl 4] is more profitable than 7.e3 at the moment.} Bxc3 8. Bxc3 {The position is equal.} Ne4 {[%cal Oe6e5]} 9. Qc2 e5 10. cxd5 Qxd5 {[%cal Rc6d4]} 11. dxe5 Rd8 12. e3 {[#]} Bg4 $146 (12... Bf5 $1 $11 13. Nh4 Be6) ({Predecessor:} 12... Bf5 13. Nh4 Bg4 14. f3 Nxc3 15. Qxc3 Be6 16. f4 g5 17. fxg5 Nxe5 18. Be2 Nd3+ 19. Bxd3 Qxd3 20. Qxd3 Rxd3 {½-½ (59) Goryachkina,A (2582)-Predke,A (2676) Sochi 2020}) 13. Be2 $1 $14 {[#] aiming for Rd1.} Nxc3 14. Qxc3 Bxf3 15. Bxf3 Qxe5 16. Rc1 {[%cal Ba1c1,Bc1c2,Bc2c5][%mdl 32]} ({Much worse is} 16. Qxe5 Nxe5 17. Bxb7 Rab8 $11) 16... Qb5 {[#]} 17. Be2 $1 Qb6 18. O-O a5 19. Rc2 Rd7 20. Rfc1 Re8 21. Qc5 Qxc5 22. Rxc5 Rd2 {[%csl LRb2,LRe2]} 23. R1c2 Rxc2 24. Rxc2 $11 {[%mdl 4096] Endgame KRB-KRN} Re7 $1 25. Rc5 Rd7 (25... Re5 $14 26. Rc3 Kf8) 26. Bf3 $16 Rd2 27. g4 Rxb2 28. Bxc6 bxc6 29. Rxa5 {Ra8+ would kill now. KR-KR} g6 30. Ra7 Ra2 31. Kg2 Kg7 32. h4 {[%cal Bh2h4,Bh4h5][%mdl 32]} h6 33. e4 g5 34. h5 c5 35. Rxc7 Rxa3 36. Rxc5 Ra4 37. Kf3 (37. f3 $16) 37... Ra3+ $11 38. Ke2 Ra2+ 39. Kf3 Ra3+ 40. Kg2 (40. Ke2 $11) 40... Ra4 $1 $16 41. f3 Ra2+ 42. Kf1 Rb2 43. Rd5 Ra2 44. Ke1 Rb2 45. Rd2 (45. Rc5 $16) 45... Rb3 (45... Rxd2 $1 $11 {keeps the balance.} 46. Kxd2 Kf6) 46. Ke2 Ra3 47. Rd3 Ra1 48. Ke3 Ra4 49. e5 ({White should play} 49. Rd6 $16) 49... Rb4 (49... Ra5 $14) 50. Rd7 ({White should try} 50. Ra3 $16) 50... Kg8 (50... Rb1 $1 $14) 51. Rd4 Rb3+ 52. Ke4 Kg7 53. Rd7 {Threatens to win with e6.} Kg8 54. f4 (54. Rd6 $16 Kg7 55. e6 fxe6 56. Rxe6) 54... gxf4 $1 $14 55. Kxf4 Rb1 56. Rd4 Rf1+ 57. Ke4 Kg7 58. Kd5 Ra1 59. Ke4 Rf1 60. Rd3 Re1+ 61. Re3 Rf1 62. Rf3 Re1+ 63. Kf5 Rg1 64. Rf2 Rh1 65. Rf4 Rg1 (65... Re1 $1 $11) 66. e6 {White is slightly better.} fxe6+ 67. Kxe6 Re1+ 68. Kf5 Ra1 69. Rd4 Rf1+ 70. Ke5 Re1+ 71. Re4 Ra1 72. Ke6 Ra6+ 73. Kf5 $1 Rf6+ {Weighted Error Value: White=0.13 (very precise) /Black=0.11 (very precise)} 1/2-1/2

[Event "82nd Armenian Men Championship 2022"]
[Site "Yerevan"]
[Date "2022.01.21"]
[Round "9.4"]
[White "Gabuzyan, Hovhannes"]
[Black "Sargsyan, Shant"]
[Result "1/2-1/2"]
[WhiteElo "2589"]
[BlackElo "2628"]
[Annotator "TA"]
[PlyCount "226"]
[EventDate "2022.01.12"]
[EventType "tourn"]
[EventCountry "ARM"]
[SourceTitle "playchess.com"]
[Source "ChessBase"]
[SourceQuality "1"]

{[%evp 15,226,-4,6,13,10,-35,-31,-33,-35,-41,-34,-46,-33,-41,-34,-67,-66,-70,0,0,0,0,0,0,45,46,36,45,43,52,48,71,54,66,68,78,71,84,94,41,50,29,78,84,73,75,71,52,116,117,125,104,110,0,0,0,0,0,0,0,0,0,0,0,0,-10,-14,-10,-9,-11,-16,-12,-13,-14,-10,-307,-290,-270,-263,-312,-296,-307,-316,-293,-251,-240,-112,-232,-116,-112,-112,-112,-112,-112,-112,-112,-112,-112,-156,-158,0,-54,0,0,0,0,0,0,0,0,0,0,0,0,0,0,0,0,0,0,0,0,0,0,0,0,0,0,0,0,0,0,0,0,0,0,-28000,-28000,-28000,-28000,-28000,-28000,-28000,-28000,-28000,-28000,-28000,-28000,-28000,-28000,-28000,-28000,-28000,-28000,-28000,-28000,-28000,-28000,-28000,-28000,-28000,-28000,-28000,-28000,-28000,-28000,-28000,-28000,-28000,-28000,-28000,-28000,-28000,-28000,-28000,-28000,-28000,-28000,-28000,-28000,-28000,-28000,-28000,-28000,-28000,-28000,-28000,-28000,-28000,-28000,-28000,-28000,-28000,-28000,-28000,-28000,-28000,-28000,-28000,-28000,-28000,-28000,-28000,-28000,-28000,-28000,-28000,-28000,-28000,-28000,-28000,-28000,-28000]} 1. Nf3 c5 2. e4 e6 3. d3 Nc6 4. g3 Nf6 5. Bg2 d5 6. Nbd2 Bd6 7. O-O O-O 8. Re1 Bc7 9. c3 {A08: King's Indian Attack.} h6 {[#]} 10. Nb3 $146 (10. b3 $11) ({Predecessor:} 10. Qe2 b6 11. d4 a5 12. dxc5 Ba6 13. Qd1 bxc5 14. Qa4 Qd7 15. exd5 exd5 16. Nb3 Bb6 17. Be3 Ne5 18. Qxd7 {½-½ (18) Friend,R (1868)-Marin Millan,J (1917) LSS email 2013}) 10... dxe4 $15 11. dxe4 {Black is slightly better.} Qxd1 12. Rxd1 b6 (12... Nxe4 13. Be3 $14) 13. Ne1 {[%cal Oe4e5]} a5 14. a4 Ba6 15. f3 Bc4 16. Ra3 Bxb3 (16... g5 $15) 17. Rxb3 $11 {[%cal Oe4e5]} Rfd8 18. Rxd8+ Rxd8 19. Bf4 e5 (19... Bxf4 $11 {is more appropriate.} 20. gxf4 Rb8) 20. Be3 $14 Rd1 21. Kf2 c4 22. Ra3 (22. Rb5 $2 Na7 23. Rxb6 Bxb6 24. Bxb6 Nc6 $19) 22... Bd6 23. Ra2 Bc5 24. Bxc5 bxc5 25. Bf1 Rd2+ 26. Ke3 Rxh2 27. Bg2 (27. Bxc4 $16 Nh5 28. b4 Rxa2 29. Bxa2) 27... h5 $1 28. Ra1 Kf8 (28... Ne7 $11 {was preferrable.}) 29. Kf2 h4 30. gxh4 Rxh4 31. Bf1 Nh5 (31... g5 $14) 32. Ng2 $16 Rh1 33. Rd1 {Prevents Nd8.} Nf4 {[%cal Of4d3]} 34. Nxf4 (34. Rd6 $16 Rh6 35. Rd2 (35. Rxh6 gxh6 36. Ne3 Nd3+ 37. Bxd3 cxd3 $14)) 34... exf4 {[%mdl 4096] Endgame KRB-KRN} 35. Rd5 Rh2+ 36. Kg1 Rxb2 37. Rxc5 Ne7 38. Bxc4 Ng6 39. e5 Rb1+ 40. Kg2 Nh4+ 41. Kf2 Rb2+ 42. Be2 g5 {[%cal Og5g4]} 43. Kf1 $1 (43. Rxa5 $2 g4 44. fxg4 f3 $19) 43... g4 44. Rb5 $1 (44. Rxa5 $2 Rb1+ 45. Bd1 Rxd1+ $19) (44. fxg4 f3 45. Bd1 Rd2 $17) 44... Rd2 45. Ke1 $2 {[%mdl 8192]} (45. Rxa5 $2 g3 46. Ra8+ Kg7 $19) (45. fxg4 $11 f3 46. Rb8+ (46. Bc4 $2 Ng2 $19) 46... Kg7 47. Ba6) 45... Ra2 $19 46. fxg4 f3 47. Rb8+ Kg7 48. Bd3 Ng2+ 49. Kd1 f2 (49... Rxa4 50. Rb7 Ra1+ 51. Kd2 $17) 50. Rb7 Ne3+ (50... Rxa4 51. e6 Ra1+ 52. Kd2 $17) 51. Kc1 {[#]} Rc2+ $3 {[%mdl 512]} 52. Kb1 $17 Rxc3 53. e6 Rxd3 54. Rxf7+ {KRN-KR} Kg6 55. Rxf2 {[#] And now e7 would win.} Rd6 $1 56. e7 Re6 57. Rb2 Nd5 $2 ({Stronger than} 57... Nxg4 58. Rb5 $11) ({Better is} 57... Rxe7 $17 58. Rb5 Ra7) 58. Rc2 (58. Kc2 $11) 58... Nxe7 (58... Rb6+ $15 59. Kc1 Nxe7) 59. Rc5 $11 Nc6 60. Kb2 Kf6 61. Kc3 Ke7 62. Kc4 Kd7 {...Re4+ is the strong threat.} 63. Kb5 Nd4+ 64. Kc4 Nc6 {Hoping for ...Re4+.} 65. Kb5 Re1 {Strongly threatening ...Rb1+.} 66. Kb6 (66. Rxc6 Rb1+ 67. Kc5 Rc1+ 68. Kb6 Rxc6+ 69. Kxa5 Rg6 70. Kb5 Rxg4 71. a5 Rg6 72. Kc4 Rd6 73. Kb5 Kc7 74. Kc5 Rd7 75. a6 Rd1 76. a7 Kb7 77. a8=R Kxa8 78. Kc4 Ka7 79. Kc5 Kb7 80. Kb5 Rc1 81. Kb4 Ka6 82. Ka4 Rc4+ 83. Ka3 Ka5 84. Kb3 Rc8 85. Ka2 Ka4 86. Kb2 Kb4 87. Ka1 Ka3 88. Kb1 Kb3 89. Ka1 Rc1#) 66... Rb1+ 67. Rb5 Rb4 68. g5 Kd6 69. g6 $1 Rxa4 70. g7 $1 Rg4 71. Rc5 Ne7 {aiming for ...a4.} 72. Rc1 a4 73. Kb5 $1 a3 74. Ra1 Nc6 {Threatens to win with ...Rb4+.} 75. g8=Q Rxg8 $4 {[%mdl 8192] White is now going downhill.} (75... Na7+ $11 76. Kb6 Rxg8 77. Kxa7 (77. Rxa3 Nc8+ 78. Kb5 Rg1 $15) 77... Ke5) 76. Rxa3 {Mate.} Kd5 77. Rh3 Nd4+ 78. Kb6 Rg6+ 79. Ka5 Kc4 80. Rh4 Re6 81. Rg4 Rh6 82. Re4 Rh1 83. Rg4 Rh2 84. Kb6 Rf2 85. Rh4 Kd5 86. Rh5+ Nf5 87. Rh1 Rb2+ 88. Kc7 Rd2 89. Rh5 Rc2+ 90. Kb6 Ke6 91. Rh1 Rc3 92. Rh5 Nd4 93. Rh6+ Kd5 94. Rh5+ Kd6 95. Rh6+ Ne6 96. Kb5 Rc1 97. Kb4 Ke5 98. Rh5+ Ke4 99. Rh4+ Nf4 100. Kb5 Ke5 101. Rh8 Ne6 102. Rh5+ Kd6 103. Kb4 Nc5 104. Rh6+ Kd5 105. Rh5+ Kd4 106. Rh4+ Ne4 107. Kb5 Rc5+ 108. Kb6 Re5 109. Kc6 Kc4 110. Rf4 Re6+ 111. Kd7 Kd5 112. Rf5+ Re5 113. Rxe5+ Kxe5 {[%mdl 32768] Weighted Error Value: White=0.17 (very precise) /Black=0.14 (very precise) . An unexpected result.} 1/2-1/2

[Event "82nd Armenian Men Championship 2022"]
[Site "Yerevan"]
[Date "2022.01.21"]
[Round "9.5"]
[White "Shahinyan, David"]
[Black "Martirosyan, Haik M."]
[Result "0-1"]
[WhiteElo "2486"]
[BlackElo "2621"]
[Annotator "TA"]
[PlyCount "88"]
[EventDate "2022.01.12"]
[EventType "tourn"]
[EventCountry "ARM"]
[SourceTitle "playchess.com"]
[Source "ChessBase"]
[SourceQuality "1"]

{[%evp 10,88,22,17,41,0,0,0,0,0,0,0,0,0,21,6,42,34,39,29,33,34,40,35,43,38,37,38,50,41,50,-74,-90,-81,-80,-77,-22,-51,30,-90,-57,-158,-98,-113,-35,-45,-32,-36,-31,-54,-47,-18,-37,-161,-158,-159,-162,-506,-416,-416,-416,-988,-991,-975,-939,-1147,-1155,-969,-255,-1337,-1213,-2344,-2229,-29969,-10835,-29986,-29987,-29994,-29995,-29995,-29996]} 1. e4 c5 2. Nc3 Nc6 3. Bb5 Nd4 4. Nf3 a6 5. Bd3 e6 6. O-O Nc6 {B30: Sicilian: 2...Nc6 3 Bb5, lines without ...g6.} 7. Nd5 {7.e5 is becoming the main line.} g6 $11 8. Re1 {[%cal Oa1b1]} Bg7 {The position is equal.} 9. c3 {[%cal Od3c2]} d6 10. Ne3 Nge7 11. Bc2 e5 {[#] Inhibits d4.} 12. h4 $146 {[%cal Oh4h5]} ({Predecessor:} 12. a3 O-O 13. d3 Kh8 14. b4 b5 15. Bb2 Bb7 16. Bb3 h6 17. Qd2 f5 18. Nd5 fxe4 19. dxe4 {0-1 (66) Jones,G (2670)-Navara,D (2697) Tornelo INT 2020}) 12... O-O 13. h5 $1 b5 14. hxg6 fxg6 15. a4 Rb8 16. axb5 axb5 17. d3 h6 {To avoid Ng5} 18. Bb3+ Kh8 19. Kh2 Na5 20. Rxa5 Qxa5 $17 21. Rh1 {[%cal Of3g5]} Qd8 22. Kg1 Rf6 ({Better is} 22... Ra8 $17) 23. Nh2 h5 (23... Ng8 $15) 24. Nhg4 (24. g4 $1 $11) 24... Rf8 (24... Bxg4 25. Nxg4 Ng8 26. Nxf6 Qxf6 27. g4 $16) 25. Nd5 (25. Nh2 $1 $15) 25... Nxd5 (25... Bxg4 $2 26. Qxg4 c4 27. dxc4 (27. Bg5 Qe8 $18) 27... Rxf2 28. Kxf2 $18) (25... Ng8 $142 $1 26. Nh2 Be6) 26. Bxd5 {[%cal Og4e5] [#] Hoping for Nxe5!} Qe8 (26... Bxg4 $2 27. Qxg4 Rf6 {[#]} 28. Rxh5+ $1 {[%mdl 512]} (28. Bg5 Qf8 $14) 28... gxh5 29. Qxh5+ Bh6 30. Bxh6 $18) ({Black should play} 26... Qe7 $1 $17 27. Ne3 Qf6) 27. Ne3 $1 $15 Be6 28. g4 $1 {[%cal Rg4h5]} Qf7 {[%csl Gf8][%cal Rf7f2]} 29. Qe2 {[%cal Rg4h5]} Bh6 {aiming for ...Bxd5.} 30. gxh5 Kg7 $36 {[%mdl 2048] And now ...Bxd5 would win. White is under pressure.} 31. Bxe6 {White does not recover from this.} (31. Rh2 $1 $15 Bxd5 32. hxg6) 31... Qxe6 $19 32. hxg6 {Threatens to win with Nf5+.} Bxe3 {Dancing on a razor blade.} ({Don't play} 32... Qxg6+ 33. Kf1 Bxe3 34. Bxe3 $16) 33. Rh7+ $2 (33. Qxe3 {is more resistant.} Rh8 34. Rh7+ (34. Qg5 $2 Rxh1+ 35. Kxh1 Qxg6 $19) 34... Rxh7 35. gxh7) 33... Kg8 34. Qh5 {[%cal Oh7c7] Rc7! would kill now.} Bxc1 35. Rh8+ (35. f4 $142 Rxf4 36. Rh8+ Kg7 37. Qh6+ Kf6 38. g7+ Ke7 39. Qxe6+ Kxe6 40. Rxb8 Rg4+ 41. Kf2 Rxg7 42. Rxb5) 35... Kg7 36. Rh7+ Kf6 37. d4 cxd4 38. cxd4 d5 $2 (38... Qc8 39. g7 Rg8 40. Qh4+ Ke6 41. Qh3+ Ke7 42. Qh4+ Kd7 43. dxe5 Bxb2 44. exd6 Kxd6 45. Qg3+ Ke7 46. Qh4+ Bf6) 39. f3 $2 (39. Rc7 Bf4 40. Qh4+ Bg5 41. dxe5+ Qxe5 42. Rc6+ Ke7 43. Qh7+ Ke8 44. g7) 39... Bg5 40. f4 Bxf4 41. Ra7 dxe4 42. g7 Rf7 {Black mates.} 43. Qh8 Qg4+ 44. Kh1 Qd1+ {Weighted Error Value: White=0.98/Black=0.37} 0-1

[Event "82nd Armenian Men Championship 2022"]
[Site "Yerevan"]
[Date "2022.01.22"]
[Round "10.1"]
[White "Martirosyan, Haik M."]
[Black "Gabuzyan, Hovhannes"]
[Result "1-0"]
[WhiteElo "2621"]
[BlackElo "2589"]
[Annotator "TA"]
[PlyCount "87"]
[EventDate "2022.01.12"]
[EventType "tourn"]
[EventCountry "ARM"]
[SourceTitle "playchess.com"]
[Source "ChessBase"]
[SourceQuality "1"]

{[%evp 20,87,41,41,50,34,39,44,37,42,49,50,52,45,85,64,79,74,72,81,90,86,86,89,86,83,82,0,0,0,0,0,27,25,29,31,28,33,29,0,0,0,29,29,304,298,852,731,873,868,735,845,847,822,746,687,568,38,568,642,629,575,648,601,1286,1222,1062,992,1558,1314]} 1. d4 Nf6 2. c4 c5 3. d5 g6 4. Nc3 Bg7 5. e4 d6 6. h3 O-O 7. Nf3 e6 8. Bd3 exd5 9. exd5 Re8+ 10. Be3 Nbd7 11. O-O a6 {[%cal Ob7b5] 11...a6 scores better than 11...Nh5. E90: King's Indian: Classical: Early deviations and 6 h3.} 12. a4 Ne5 13. Nxe5 Rxe5 {White is slightly better.} 14. Bf4 Re8 15. Qd2 Qc7 {[#]} 16. Bh6 $146 ({Predecessor:} 16. Rae1 Bd7 17. Bh2 Rxe1 18. Rxe1 Re8 19. Rxe8+ Nxe8 20. b3 Qa5 21. Ne4 Qxd2 22. Nxd2 f5 23. Nf3 Bh6 24. h4 {½-½ (24) Kalinin,A (2568)-Nickel,A (2618) ICCF email 2007}) 16... Bd7 17. Bxg7 Kxg7 18. f4 h6 19. g4 Qd8 20. Rf3 b5 21. axb5 axb5 22. Rxa8 Qxa8 23. g5 ({White should try} 23. cxb5 $16 Qd8 24. Rf1) 23... hxg5 $11 24. fxg5 Nh5 (24... Qa1+ $2 25. Rf1 Qa8 26. gxf6+ $18) 25. Qf2 (25. Nxb5 Bxb5 26. cxb5 Qxd5 $17) 25... Qa1+ 26. Kh2 Re7 27. cxb5 Qc1 28. b6 $36 {[%mdl 2048] Black is under pressure.} Bc8 (28... Qxg5 $2 29. b7 Qe5+ 30. Kg1 Qg5+ 31. Kh2 Qe5+ 32. Kg1 Qg5+ 33. Kh2 $18) 29. h4 (29. Ne4 $5 {[%cal Re4d6]} Bb7 30. Nxd6 Bxd5 31. Be4 $1 {[%mdl 512]} Bxe4 32. Rxf7+ (32. Nxe4 Qd1 $14) 32... Rxf7 33. Qxf7+ Kh8 34. Nxe4 (34. Qe8+ Kh7 $11) 34... Qxb2+ 35. Qf2 Qxb6 36. Qf8+ (36. Qxc5 Qb2+ 37. Nf2 Qb8+ 38. Kg1 Qb1+ 39. Kg2 Qb7+ 40. Kh2 Qb8+ 41. Kh1 Qb7+ 42. Kh2 Qb8+ $11) (36. Nxc5 Qd6+ 37. Kg1 Qd1+ 38. Qf1 Qd4+ 39. Qf2 Qd1+ 40. Kh2 Qd6+ 41. Kg1 Qd1+ $11) 36... Kh7 37. Qf7+ (37. Qxc5 Qb2+ 38. Nf2 Qb8+ 39. Kg1 Qb1+ 40. Kh2 Qb8+ 41. Kh1 Qb7+ 42. Kh2 Nf4 $11) 37... Kh8 38. Qf8+ Kh7 39. Qf7+ (39. Qxc5 Qb2+ 40. Nf2 Qb8+ 41. Kg1 Qb1+ 42. Kh2 Qb8+ 43. Kg1 Qb1+ 44. Kh2 Qb8+ $11) 39... Kh8 40. Kg2 $14 (40. Qf8+ Kh7 $14)) 29... Bg4 30. Rf6 {[%cal Bf3f6,Bf6d6,Bd6d8,Bd8h8][%mdl 32] aiming for Ba6. Chess con chili.} Kg8 (30... Kf8 $5 {[%cal Rh5f6]} 31. Ne4 (31. Rxd6 $2 Re3 $19) 31... Nxf6 32. Qxf6 Kg8 $11) 31. Ne4 ({Don't go for} 31. Rxd6 $2 Re3 32. Qxe3 Qxe3 $19) 31... c4 $2 {[%mdl 8192]} (31... Qd1 $11 {and Black has nothing to worry.} 32. Bc2 Qxd5 33. Rxd6 Qe5+ 34. Kg1 Re8) 32. Rxd6 $18 {Hoping for Rd8+.} cxd3 $2 (32... Re8 33. Bf1 (33. Rc6 Qd1 $18) 33... Bf5) 33. Rd8+ Kh7 {[#]} 34. d6 $1 Rb7 35. d7 $1 Qc2 {[#]} 36. Rh8+ $1 {[%mdl 576] Decoy, Clearance, Promotion} Kxh8 37. d8=Q+ Kh7 {[#] And now ...Bf3 would win.} 38. Qd5 $2 (38. Qf8 $1 $18 {Qxc2 would kill now.} Qxf2+ 39. Nxf2) 38... Rd7 $2 {[%mdl 8192]} (38... Re7 $14 39. b7 Qc7+ 40. Kg1 Bf5 41. Nf6+ Nxf6 42. gxf6 Qc1+ 43. Kh2 Qc7+ 44. Kg1 Qc1+ 45. Kh2 Qc7+ 46. Kg1) 39. Qxc2 {White is clearly winning.} dxc2 40. Qc6 Bf5 {Strongly threatening ...Bxe4.} 41. Qxc2 Rd4 {[#]} 42. Qc3 $1 Rxe4 43. b7 Re8 44. Qb3 {Weighted Error Value: White=0.26 (precise) /Black=0.64} 1-0